[Event "DEM U8 2025"]
[Site "Willingen GER"]
[Date "2025.06.11"]
[Round "2"]
[White "Rieland, Hannes"]
[Black "Rohr, Leo Max"]
[Result "1-0"]
[Termination "normal"]
[Board "13"]
[WhiteElo "1487"]
[BlackElo "1160"]
[WhiteClock "00:43:44"]
[BlackClock "00:44:49"]
[PlyCount "69"]
[WhiteFideId "533022208"]
[BlackFideId "533004340"]
[EventCountry "GER"]
[EventRounds "7"]
[EventType "swiss"]
[EventDate "2025.06.10"]

1. e4 {[%clk 01:00:26]} {[%emt 00:00:03]} c6 {[%clk 01:00:28]} {[%emt
00:00:03]} 2. d4 {[%clk 01:00:35]} {[%emt 00:00:06]} d5 {[%clk 01:00:38]}
{[%emt 00:00:05]} 3. exd5 {[%clk 01:00:40]} {[%emt 00:00:09]} cxd5 {[%clk
01:00:46]} {[%emt 00:00:07]} 4. Nc3 {[%clk 01:00:37]} {[%emt 00:00:19]} Nc6
{[%clk 01:00:42]} {[%emt 00:00:19]} 5. Bb5 {[%clk 01:00:07]} {[%emt 00:00:45]}
Nf6 {[%clk 01:00:44]} {[%emt 00:00:12]} 6. Nf3 {[%clk 00:58:25]} {[%emt
00:01:57]} Bg4 {[%clk 01:00:41]} {[%emt 00:00:17]} 7. h3 {[%clk 00:58:30]}
{[%emt 00:00:11]} Bxf3 {[%clk 01:00:32]} {[%emt 00:00:24]} 8. Qxf3 {[%clk
00:58:36]} {[%emt 00:00:09]} e6 {[%clk 01:00:05]} {[%emt 00:00:42]} 9. O-O
{[%clk 00:58:37]} {[%emt 00:00:15]} Bd6 {[%clk 01:00:11]} {[%emt 00:00:09]} 10.
Bg5 {[%clk 00:58:34]} {[%emt 00:00:17]} Be7 {[%clk 01:00:18]} {[%emt 00:00:08]}
11. Bxf6 {[%clk 00:57:50]} {[%emt 00:00:59]} Bxf6 {[%clk 01:00:15]} {[%emt
00:00:18]} 12. Rfe1 {[%clk 00:57:30]} {[%emt 00:00:35]} O-O {[%clk 01:00:11]}
{[%emt 00:00:18]} 13. Bxc6 {[%clk 00:57:34]} {[%emt 00:00:12]} bxc6 {[%clk
01:00:12]} {[%emt 00:00:13]} 14. Rad1 {[%clk 00:57:16]} {[%emt 00:00:33]} Rb8
{[%clk 01:00:10]} {[%emt 00:00:18]} 15. b3 {[%clk 00:56:42]} {[%emt 00:00:49]}
Qb6 {[%clk 00:59:21]} {[%emt 00:01:05]} 16. Qf4 {[%clk 00:55:59]} {[%emt
00:00:57]} Qb4 {[%clk 00:57:54]} {[%emt 00:01:42]} 17. Rd3 {[%clk 00:54:29]}
{[%emt 00:01:44]} h6 {[%emt 00:00:37]} 18. Ree3 {[%clk 00:54:11]} {[%emt
00:00:30]} Bg5 {[%clk 00:57:49]} {[%emt 00:00:03]} 19. Qe5 {[%clk 00:53:27]}
{[%emt 00:00:58]} Bxe3 {[%emt 00:00:39]} 20. Rxe3 {[%clk 00:53:29]} {[%emt
00:00:10]} Kh7 {[%clk 00:57:04]} {[%emt 00:00:39]} 21. Rg3 {[%clk 00:53:28]}
{[%emt 00:00:17]} Rg8 {[%clk 00:57:05]} {[%emt 00:00:13]} 22. Qf4 {[%clk
00:52:41]} {[%emt 00:01:02]} Qe7 {[%clk 00:56:23]} {[%emt 00:00:50]} 23. Qe5
{[%clk 00:48:43]} {[%emt 00:04:21]} Rb7 {[%clk 00:55:15]} {[%emt 00:01:15]} 24.
Na4 {[%clk 00:48:35]} {[%emt 00:00:31]} Qc7 {[%clk 00:55:06]} {[%emt 00:00:24]}
25. Qe3 {[%clk 00:48:01]} {[%emt 00:03:07]} Qd8 {[%clk 00:53:05]} {[%emt
00:01:05]} 26. Qd3+ {[%clk 00:47:40]} {[%emt 00:00:35]} Kh8 {[%clk 00:52:54]}
{[%emt 00:00:26]} 27. Qe3 {[%clk 00:47:12]} {[%emt 00:00:43]} Qf6 {[%clk
00:52:48]} {[%emt 00:00:22]} 28. Nc5 {[%clk 00:47:07]} {[%emt 00:00:20]} Re7
{[%clk 00:52:33]} {[%emt 00:00:26]} 29. Nd3 {[%clk 00:46:59]} {[%emt 00:00:26]}
Qf5 {[%clk 00:51:11]} {[%emt 00:01:36]} 30. Ne5 {[%clk 00:46:17]} {[%emt
00:00:59]} Qxc2 {[%clk 00:49:54]} {[%emt 00:01:32]} 31. Rf3 {[%clk 00:46:16]}
{[%emt 00:00:16]} f6 {[%clk 00:49:19]} {[%emt 00:00:50]} 32. Rxf6 {[%clk
00:45:13]} {[%emt 00:01:19]} gxf6 {[%clk 00:46:05]} {[%emt 00:03:30]} 33. Qxh6+
{[%clk 00:44:26]} {[%emt 00:01:00]} Qh7 {[%clk 00:45:55]} {[%emt 00:00:25]} 34.
Qxf6+ {[%clk 00:43:40]} {[%emt 00:01:03]} Reg7 {[%clk 00:44:49]} {[%emt
00:01:20]} 35. Nf7# {[%clk 00:43:44]} {[%emt 00:00:11]} 1-0

[Event "DEM U8 2025"]
[Site "Willingen GER"]
[Date "2025.06.11"]
[Round "2"]
[White "Gurevich, Lev"]
[Black "Storl, Jaro"]
[Result "0-1"]
[Termination "normal"]
[Board "14"]
[WhiteElo "799"]
[BlackElo "1281"]
[WhiteClock "00:43:09"]
[BlackClock "00:40:45"]
[PlyCount "124"]
[EventCountry "GER"]
[EventRounds "7"]
[EventType "swiss"]
[EventDate "2025.06.10"]

1. d4 {[%clk 01:00:28]} {[%emt 00:00:02]} d5 {[%clk 01:00:21]} {[%emt
00:00:10]} 2. Bf4 {[%clk 01:00:32]} {[%emt 00:00:10]} Nf6 {[%clk 01:00:20]}
{[%emt 00:00:16]} 3. Nc3 {[%clk 01:00:34]} {[%emt 00:00:13]} c6 {[%clk
01:00:15]} {[%emt 00:00:20]} 4. Nf3 {[%clk 01:00:33]} {[%emt 00:00:16]} Nbd7
{[%clk 01:00:21]} {[%emt 00:00:09]} 5. e3 {[%clk 01:00:37]} {[%emt 00:00:11]}
e6 {[%clk 00:59:51]} {[%emt 00:00:46]} 6. Bd3 {[%clk 01:00:34]} {[%emt
00:00:18]} Bb4 {[%clk 00:59:49]} {[%emt 00:00:17]} 7. Qd2 {[%clk 01:00:01]}
{[%emt 00:00:47]} O-O {[%clk 00:59:14]} {[%emt 00:00:51]} 8. a3 {[%clk
01:00:00]} {[%emt 00:00:15]} Ba5 {[%clk 00:59:04]} {[%emt 00:00:24]} 9. b4
{[%clk 00:59:56]} {[%emt 00:00:20]} Bc7 {[%clk 00:58:41]} {[%emt 00:00:38]} 10.
Bxc7 {[%clk 00:59:37]} {[%emt 00:00:34]} Qxc7 {[%clk 00:58:49]} {[%emt
00:00:08]} 11. e4 {[%clk 00:58:53]} {[%emt 00:00:58]} Re8 {[%clk 00:58:39]}
{[%emt 00:00:25]} 12. e5 {[%clk 00:58:54]} {[%emt 00:00:14]} Ng4 {[%clk
00:58:05]} {[%emt 00:00:50]} 13. h3 {[%clk 00:58:54]} {[%emt 00:00:14]} Nh6
{[%clk 00:58:07]} {[%emt 00:00:13]} 14. Ne2 {[%clk 00:58:01]} {[%emt 00:01:08]}
a5 {[%clk 00:57:35]} {[%emt 00:00:48]} 15. c3 {[%clk 00:57:53]} {[%emt
00:00:22]} b6 {[%clk 00:56:54]} {[%emt 00:00:56]} 16. Ng3 {[%clk 00:57:54]}
{[%emt 00:00:14]} c5 {[%clk 00:55:46]} {[%emt 00:01:24]} 17. O-O {[%clk
00:57:44]} {[%emt 00:00:24]} axb4 {[%clk 00:55:56]} {[%emt 00:00:05]} 18. cxb4
{[%clk 00:57:45]} {[%emt 00:00:14]} cxd4 {[%clk 00:56:00]} {[%emt 00:00:11]}
19. Qg5 {[%clk 00:57:27]} {[%emt 00:00:31]} f6 {[%clk 00:54:54]} {[%emt
00:01:24]} 20. exf6 {[%clk 00:57:32]} {[%emt 00:00:09]} Nxf6 {[%clk 00:55:02]}
{[%emt 00:00:07]} 21. Nxd4 {[%emt 00:00:59]} Ba6 {[%clk 00:54:17]} {[%emt
00:00:49]} 22. Bxa6 {[%clk 00:56:35]} {[%emt 00:00:39]} Rxa6 {[%clk 00:54:21]}
{[%emt 00:00:11]} 23. Rfc1 {[%clk 00:56:04]} {[%emt 00:00:45]} Qf7 {[%clk
00:53:17]} {[%emt 00:01:18]} 24. Nb5 {[%clk 00:55:56]} {[%emt 00:00:25]} Rd8
{[%clk 00:50:53]} {[%emt 00:02:40]} 25. Rc7 {[%clk 00:54:50]} {[%emt 00:01:20]}
Qg6 {[%clk 00:50:29]} {[%emt 00:00:39]} 26. Qxg6 {[%clk 00:54:29]} {[%emt
00:00:35]} hxg6 {[%clk 00:50:36]} {[%emt 00:00:09]} 27. Re7 {[%clk 00:54:24]}
{[%emt 00:00:21]} Re8 {[%clk 00:50:20]} {[%emt 00:00:31]} 28. Rxe8+ {[%clk
00:54:15]} {[%emt 00:00:24]} Nxe8 {[%clk 00:50:27]} {[%emt 00:00:08]} 29. Re1
{[%clk 00:54:20]} {[%emt 00:00:09]} Kf7 {[%clk 00:50:28]} {[%emt 00:00:14]} 30.
h4 {[%clk 00:54:07]} {[%emt 00:00:26]} Nf5 {[%clk 00:50:23]} {[%emt 00:00:21]}
31. Nxf5 {[%clk 00:53:55]} {[%emt 00:00:28]} gxf5 {[%clk 00:50:20]} {[%emt
00:00:18]} 32. f4 {[%clk 00:53:28]} {[%emt 00:00:41]} Ke7 {[%clk 00:50:08]}
{[%emt 00:00:28]} 33. Nd4 {[%clk 00:53:16]} {[%emt 00:00:27]} Nc7 {[%clk
00:46:43]} {[%emt 00:03:41]} 34. Nxf5+ {[%clk 00:52:44]} {[%emt 00:00:46]} Kf6
{[%clk 00:46:24]} {[%emt 00:00:34]} 35. Nd4 {[%clk 00:52:15]} {[%emt 00:00:42]}
Rxa3 {[%clk 00:46:26]} {[%emt 00:00:16]} 36. Kh2 {[%clk 00:52:05]} {[%emt
00:00:25]} Rd3 {[%clk 00:45:23]} {[%emt 00:01:18]} 37. Nc6 {[%clk 00:51:17]}
{[%emt 00:01:03]} Rd2 {[%clk 00:44:05]} {[%emt 00:01:33]} 38. Kh3 {[%clk
00:50:51]} {[%emt 00:00:40]} Kf5 {[%clk 00:42:41]} {[%emt 00:01:39]} 39. g3
{[%clk 00:50:29]} {[%emt 00:00:37]} d4 {[%clk 00:42:39]} {[%emt 00:00:18]} 40.
Re5+ {[%clk 00:47:56]} {[%emt 00:02:48]} Kf6 {[%clk 00:42:16]} {[%emt
00:00:37]} 41. g4 {[%clk 00:47:25]} {[%emt 00:00:47]} d3 {[%clk 00:40:39]}
{[%emt 00:01:52]} 42. h5 {[%clk 00:47:23]} {[%emt 00:00:17]} Rh2+ {[%clk
00:40:13]} {[%emt 00:00:41]} 43. Kxh2 {[%clk 00:47:15]} {[%emt 00:00:22]} d2
{[%clk 00:40:21]} {[%emt 00:00:08]} 44. g5+ {[%clk 00:47:17]} {[%emt 00:00:13]}
Kf7 {[%clk 00:39:46]} {[%emt 00:00:50]} 45. g6+ {[%clk 00:47:21]} {[%emt
00:00:11]} Kf6 {[%clk 00:39:46]} {[%emt 00:00:14]} 46. b5 {[%clk 00:44:53]}
{[%emt 00:02:44]} d1=Q {[%clk 00:39:33]} {[%emt 00:00:27]} 47. Kg2 {[%emt
00:00:31]} Nxb5 {[%emt 00:00:11]} 48. Nd8 {[%clk 00:43:30]} {[%emt 00:00:57]}
Qxd8 {[%clk 00:39:41]} {[%emt 00:00:07]} 49. Rxb5 {[%clk 00:43:24]} {[%emt
00:00:21]} Qd2+ {[%clk 00:39:46]} {[%emt 00:00:09]} 50. Kg1 {[%clk 00:43:19]}
{[%emt 00:00:21]} Qe1+ {[%clk 00:39:50]} {[%emt 00:00:11]} 51. Kg2 {[%clk
00:43:02]} {[%emt 00:00:32]} Qe2+ {[%clk 00:40:00]} {[%emt 00:00:05]} 52. Kg3
{[%emt 00:00:14]} Qxb5 {[%emt 00:00:07]} 53. Kg4 {[%clk 00:42:46]} {[%emt
00:00:09]} Qf5+ {[%clk 00:39:57]} {[%emt 00:00:14]} 54. Kg3 {[%emt 00:00:18]}
Qxh5 {[%emt 00:00:08]} 55. f5 {[%clk 00:42:26]} {[%emt 00:00:06]} Qxf5 {[%clk
00:40:06]} {[%emt 00:00:14]} 56. Kg2 {[%clk 00:42:32]} {[%emt 00:00:09]} Qxg6+
{[%clk 00:40:11]} {[%emt 00:00:10]} 57. Kf2 {[%clk 00:42:41]} {[%emt 00:00:06]}
Qe4 {[%clk 00:40:14]} {[%emt 00:00:10]} 58. Kg3 {[%clk 00:42:48]} {[%emt
00:00:09]} Kg5 {[%clk 00:40:20]} {[%emt 00:00:08]} 59. Kf2 {[%clk 00:42:56]}
{[%emt 00:00:09]} Kf4 {[%clk 00:40:20]} {[%emt 00:00:15]} 60. Kf1 {[%clk
00:43:05]} {[%emt 00:00:05]} Qc2 {[%clk 00:40:28]} {[%emt 00:00:07]} 61. Kg1
{[%clk 00:43:07]} {[%emt 00:02:03]} Kf3 {[%clk 00:40:36]} {[%emt 00:00:07]} 62.
Kh1 {[%clk 00:43:09]} {[%emt 00:00:12]} Qg2# {[%clk 00:40:45]} {[%emt
00:00:07]} 0-1

[Event "DEM U8 2025"]
[Site "Willingen GER"]
[Date "2025.06.11"]
[Round "2"]
[White "Keleti, Hugó"]
[Black "Bektas, Luey"]
[Result "1-0"]
[Termination "normal"]
[Board "15"]
[WhiteElo "1379"]
[BlackElo "1053"]
[WhiteClock "00:33:46"]
[BlackClock "00:30:26"]
[PlyCount "74"]
[WhiteFideId "533043680"]
[BlackFideId "533024642"]
[EventCountry "GER"]
[EventRounds "7"]
[EventType "swiss"]
[EventDate "2025.06.10"]

1. c4 {[%clk 01:00:28]} {[%emt 00:00:02]} e5 {[%clk 01:00:22]} {[%emt
00:00:09]} 2. g3 {[%clk 01:00:35]} {[%emt 00:00:06]} Nc6 {[%clk 01:00:23]}
{[%emt 00:00:14]} 3. Bg2 {[%clk 01:00:40]} {[%emt 00:00:11]} Nf6 {[%clk
00:59:59]} {[%emt 00:00:38]} 4. Nc3 {[%clk 01:00:25]} {[%emt 00:00:31]} Bc5
{[%clk 00:59:54]} {[%emt 00:00:19]} 5. a3 {[%clk 00:59:03]} {[%emt 00:01:38]}
a5 {[%clk 00:59:52]} {[%emt 00:00:18]} 6. e3 {[%clk 00:59:06]} {[%emt
00:00:11]} O-O {[%clk 00:59:51]} {[%emt 00:00:16]} 7. Nge2 {[%clk 00:59:03]}
{[%emt 00:00:18]} d6 {[%clk 00:59:30]} {[%emt 00:00:36]} 8. O-O {[%clk
00:58:51]} {[%emt 00:00:27]} Be6 {[%clk 00:59:25]} {[%emt 00:00:18]} 9. d3
{[%clk 00:58:32]} {[%emt 00:00:35]} Qd7 {[%clk 00:58:39]} {[%emt 00:01:03]} 10.
d4 {[%clk 00:58:25]} {[%emt 00:00:22]} Bh3 {[%clk 00:55:21]} {[%emt 00:03:33]}
11. dxc5 {[%clk 00:58:13]} {[%emt 00:00:27]} h5 {[%clk 00:53:44]} {[%emt
00:01:48]} 12. cxd6 {[%clk 00:57:56]} {[%emt 00:00:36]} cxd6 {[%clk 00:53:26]}
{[%emt 00:00:32]} 13. Nb5 {[%clk 00:57:01]} {[%emt 00:01:10]} h4 {[%clk
00:52:06]} {[%emt 00:01:35]} 14. Qxd6 {[%clk 00:56:28]} {[%emt 00:00:48]} Qc8
{[%clk 00:51:34]} {[%emt 00:00:43]} 15. Nbc3 {[%clk 00:55:48]} {[%emt
00:00:58]} Bxg2 {[%clk 00:50:43]} {[%emt 00:01:06]} 16. Kxg2 {[%clk 00:55:39]}
{[%emt 00:00:25]} h3+ {[%clk 00:50:49]} {[%emt 00:00:09]} 17. Kg1 {[%clk
00:55:50]} {[%emt 00:00:04]} Qf5 {[%clk 00:49:21]} {[%emt 00:01:37]} 18. f3
{[%clk 00:54:26]} {[%emt 00:01:45]} Ra6 {[%clk 00:48:20]} {[%emt 00:01:17]} 19.
Qd1 {[%clk 00:53:22]} {[%emt 00:01:18]} Rd8 {[%clk 00:47:47]} {[%emt 00:00:48]}
20. Qb3 {[%clk 00:52:50]} {[%emt 00:00:47]} a4 {[%clk 00:43:18]} {[%emt
00:04:45]} 21. Nxa4 {[%clk 00:51:22]} {[%emt 00:03:00]} Na5 {[%clk 00:42:28]}
{[%emt 00:00:18]} 22. Qb5 {[%clk 00:50:55]} {[%emt 00:00:41]} Rd1 {[%clk
00:42:00]} {[%emt 00:00:43]} 23. Nf4 {[%clk 00:48:22]} {[%emt 00:02:46]} Qc2
{[%clk 00:41:03]} {[%emt 00:01:12]} 24. Nxh3 {[%clk 00:44:10]} {[%emt
00:04:30]} Rxf1+ {[%clk 00:41:00]} {[%emt 00:00:17]} 25. Kxf1 {[%clk 00:44:20]}
{[%emt 00:00:06]} Qxh2 {[%clk 00:40:51]} {[%emt 00:00:22]} 26. Ng1 {[%clk
00:44:05]} {[%emt 00:00:31]} Rd6 {[%clk 00:39:52]} {[%emt 00:01:14]} 27. Nc3
{[%clk 00:43:14]} {[%emt 00:01:07]} Ne4 {[%clk 00:38:17]} {[%emt 00:01:48]} 28.
fxe4 {[%clk 00:36:44]} {[%emt 00:06:46]} Rf6+ {[%clk 00:37:33]} {[%emt
00:00:58]} 29. Ke1 {[%clk 00:36:22]} {[%emt 00:00:38]} Qxg1+ {[%clk 00:37:32]}
{[%emt 00:00:16]} 30. Kd2 {[%clk 00:36:22]} {[%emt 00:00:15]} Rf2+ {[%clk
00:35:01]} {[%emt 00:02:46]} 31. Ne2 {[%clk 00:35:51]} {[%emt 00:00:46]} Qf1
{[%clk 00:35:06]} {[%emt 00:00:08]} 32. c5 {[%clk 00:33:41]} {[%emt 00:02:28]}
Qxe2+ {[%clk 00:31:02]} {[%emt 00:03:07]} 33. Qxe2 {[%clk 00:33:49]} {[%emt
00:01:19]} Nb3+ {[%clk 00:30:13]} {[%emt 00:01:04]} 34. Kd1 {[%clk 00:33:44]}
{[%emt 00:00:19]} Rxe2 {[%clk 00:30:16]} {[%emt 00:00:13]} 35. Kxe2 {[%clk
00:33:47]} {[%emt 00:00:12]} Nxa1 {[%clk 00:30:23]} {[%emt 00:00:07]} 36. b4
{[%clk 00:33:37]} {[%emt 00:00:26]} Nb3 {[%clk 00:30:21]} {[%emt 00:00:17]} 37.
Bb2 {[%clk 00:33:46]} {[%emt 00:00:06]} f6 {[%clk 00:30:26]} {[%emt 00:00:10]}
1-0

[Event "DEM U8 2025"]
[Site "Willingen GER"]
[Date "2025.06.11"]
[Round "2"]
[White "Prasad, Ayush"]
[Black "Richter, Felix"]
[Result "1-0"]
[Termination "normal"]
[Board "16"]
[WhiteElo "1067"]
[BlackElo "1201"]
[WhiteClock "00:47:45"]
[BlackClock "00:44:27"]
[PlyCount "143"]
[BlackFideId "533043663"]
[EventCountry "GER"]
[EventRounds "7"]
[EventType "swiss"]
[EventDate "2025.06.10"]

1. e4 {[%clk 01:00:28]} {[%emt 00:00:01]} e5 {[%clk 01:00:27]} {[%emt
00:00:03]} 2. Nf3 {[%clk 01:00:38]} {[%emt 00:00:05]} Nc6 {[%clk 01:00:38]}
{[%emt 00:00:04]} 3. Bc4 {[%clk 01:00:47]} {[%emt 00:00:06]} Nf6 {[%clk
01:00:46]} {[%emt 00:00:07]} 4. Ng5 {[%clk 01:00:32]} {[%emt 00:00:30]} d5
{[%clk 01:00:55]} {[%emt 00:00:07]} 5. exd5 {[%clk 01:00:41]} {[%emt 00:00:06]}
Na5 {[%clk 01:01:04]} 6. Bb5+ {[%clk 01:00:49]} {[%emt 00:00:13]} c6 {[%clk
01:01:11]} 7. dxc6 {[%clk 01:00:59]} {[%emt 00:00:13]} bxc6 {[%emt 00:00:48]}
8. Bd3 Bc5 {[%clk 01:00:36]} {[%emt 00:00:29]} 9. a3 {[%clk 01:00:28]} {[%emt
00:00:49]} Bd6 {[%clk 00:59:37]} {[%emt 00:01:14]} 10. Nc3 {[%clk 01:00:18]}
{[%emt 00:00:25]} O-O {[%clk 00:59:39]} {[%emt 00:00:13]} 11. O-O {[%clk
01:00:26]} {[%emt 00:00:07]} Re8 {[%clk 00:59:06]} {[%emt 00:00:47]} 12. b4
{[%clk 00:59:30]} {[%emt 00:01:12]} Nb7 {[%emt 00:00:18]} 13. Bc4 {[%clk
00:59:08]} {[%emt 00:00:23]} Rf8 {[%clk 00:58:41]} {[%emt 00:00:50]} 14. d3
{[%clk 00:58:40]} {[%emt 00:00:43]} h6 {[%clk 00:58:24]} {[%emt 00:00:32]} 15.
Nge4 {[%clk 00:58:46]} {[%emt 00:00:10]} Kh8 {[%clk 00:58:02]} {[%emt
00:00:36]} 16. Nxd6 {[%clk 00:57:37]} {[%emt 00:01:23]} Qxd6 {[%clk 00:58:02]}
{[%emt 00:00:16]} 17. Qf3 {[%clk 00:57:05]} {[%emt 00:00:48]} Bg4 {[%clk
00:57:37]} {[%emt 00:00:39]} 18. Qg3 {[%emt 00:01:18]} e4 {[%emt 00:00:01]} 19.
Nxe4 {[%clk 00:55:24]} {[%emt 00:01:45]} Qxg3 {[%clk 00:56:59]} {[%emt
00:00:15]} 20. fxg3 {[%clk 00:55:09]} {[%emt 00:00:31]} Nxe4 {[%clk 00:54:39]}
{[%emt 00:02:35]} 21. dxe4 {[%clk 00:55:14]} {[%emt 00:00:10]} Nd6 {[%clk
00:54:05]} {[%emt 00:00:48]} 22. Bd3 {[%clk 00:55:21]} {[%emt 00:00:08]} Rae8
{[%clk 00:53:51]} {[%emt 00:00:30]} 23. Rf4 {[%clk 00:54:38]} {[%emt 00:00:57]}
Be6 {[%clk 00:53:27]} {[%emt 00:00:38]} 24. Bb2 {[%clk 00:54:02]} {[%emt
00:00:53]} Bc4 {[%clk 00:53:00]} {[%emt 00:00:41]} 25. Rh4 {[%clk 00:53:39]}
{[%emt 00:00:35]} Kg8 {[%clk 00:52:55]} {[%emt 00:00:23]} 26. Re1 {[%clk
00:51:58]} {[%emt 00:01:56]} Bd5 {[%clk 00:52:36]} {[%emt 00:00:35]} 27. Rg4
{[%clk 00:50:24]} {[%emt 00:01:48]} f6 {[%clk 00:51:57]} {[%emt 00:00:54]} 28.
Bd4 {[%clk 00:49:40]} {[%emt 00:01:00]} g5 {[%clk 00:51:07]} {[%emt 00:01:04]}
29. Bc5 {[%clk 00:49:22]} {[%emt 00:00:34]} Be6 {[%clk 00:49:48]} {[%emt
00:01:33]} 30. Bxd6 {[%clk 00:48:29]} {[%emt 00:01:09]} Bxg4 {[%clk 00:49:50]}
{[%emt 00:00:11]} 31. Bxf8 {[%clk 00:48:34]} {[%emt 00:00:11]} Kxf8 {[%clk
00:49:57]} {[%emt 00:00:08]} 32. Rf1 {[%clk 00:48:29]} {[%emt 00:00:21]} Kg7
{[%clk 00:49:55]} {[%emt 00:00:15]} 33. h3 {[%clk 00:48:41]} {[%emt 00:00:05]}
Bh5 {[%clk 00:49:28]} {[%emt 00:00:41]} 34. c4 {[%clk 00:48:24]} {[%emt
00:00:33]} Bg6 {[%clk 00:49:18]} {[%emt 00:00:24]} 35. Re1 {[%clk 00:48:18]}
{[%emt 00:00:22]} f5 {[%clk 00:49:03]} {[%emt 00:00:30]} 36. e5 {[%clk
00:48:24]} {[%emt 00:00:08]} Re7 {[%clk 00:48:32]} {[%emt 00:00:46]} 37. c5
{[%clk 00:48:19]} {[%emt 00:00:21]} Be8 {[%clk 00:47:38]} {[%emt 00:01:07]} 38.
Bxf5 {[%clk 00:47:56]} {[%emt 00:00:39]} a6 {[%clk 00:47:35]} {[%emt 00:00:19]}
39. Kf2 {[%clk 00:47:51]} {[%emt 00:00:20]} Bf7 {[%emt 00:00:34]} 40. e6 {[%emt
00:00:38]} Bg8 {[%clk 00:46:18]} {[%emt 00:00:19]} 41. Rd1 {[%clk 00:47:25]}
{[%emt 00:00:42]} Bxe6 {[%clk 00:45:30]} {[%emt 00:01:02]} 42. Bxe6 {[%clk
00:47:25]} {[%emt 00:00:15]} Rxe6 {[%clk 00:45:33]} {[%emt 00:00:12]} 43. Rd7+
{[%clk 00:47:30]} {[%emt 00:00:11]} Kf8 {[%clk 00:45:10]} {[%emt 00:00:38]} 44.
Ra7 {[%clk 00:47:40]} {[%emt 00:00:05]} Rf6+ {[%clk 00:44:54]} {[%emt
00:00:30]} 45. Kg1 {[%clk 00:47:32]} {[%emt 00:00:23]} Ke8 {[%clk 00:44:18]}
{[%emt 00:00:51]} 46. Rxa6 {[%clk 00:47:36]} {[%emt 00:00:11]} Kd7 {[%clk
00:44:25]} {[%emt 00:00:08]} 47. Ra7+ {[%clk 00:47:44]} {[%emt 00:00:08]} Kc8
{[%clk 00:44:30]} {[%emt 00:00:09]} 48. a4 {[%clk 00:47:44]} {[%emt 00:00:15]}
Kb8 {[%clk 00:44:38]} {[%emt 00:00:08]} 49. Ra6 {[%clk 00:47:49]} {[%emt
00:00:10]} Kb7 {[%clk 00:44:40]} {[%emt 00:00:12]} 50. Rb6+ {[%clk 00:47:58]}
{[%emt 00:00:07]} Ka7 {[%clk 00:44:43]} {[%emt 00:00:11]} 51. b5 {[%clk
00:47:41]} {[%emt 00:00:33]} h5 {[%clk 00:44:26]} {[%emt 00:00:31]} 52. bxc6
{[%clk 00:47:32]} {[%emt 00:00:24]} g4 {[%clk 00:44:26]} {[%emt 00:00:15]} 53.
c7 {[%clk 00:47:28]} {[%emt 00:00:20]} Rxb6 {[%clk 00:44:24]} {[%emt 00:00:16]}
54. cxb6+ {[%clk 00:47:30]} {[%emt 00:00:13]} Kb7 {[%clk 00:44:32]} {[%emt
00:00:07]} 55. a5 {[%clk 00:47:35]} {[%emt 00:00:11]} gxh3 {[%clk 00:44:36]}
{[%emt 00:00:10]} 56. a6+ {[%clk 00:47:36]} {[%emt 00:00:14]} Kc8 {[%clk
00:44:43]} {[%emt 00:00:08]} 57. gxh3 {[%clk 00:47:42]} {[%emt 00:00:10]} Kd7
{[%clk 00:44:20]} {[%emt 00:00:38]} 58. g4 {[%clk 00:47:50]} {[%emt 00:00:07]}
hxg4 {[%clk 00:44:25]} {[%emt 00:00:09]} 59. hxg4 {[%clk 00:47:53]} {[%emt
00:00:12]} Kc8 {[%clk 00:44:33]} {[%emt 00:00:07]} 60. g5 {[%clk 00:48:00]}
{[%emt 00:00:08]} Kd7 {[%clk 00:44:36]} {[%emt 00:00:11]} 61. g6 {[%clk
00:47:34]} {[%emt 00:01:56]} Kc8 {[%clk 00:44:36]} {[%emt 00:00:15]} 62. g7
{[%clk 00:47:41]} {[%emt 00:00:08]} Kd7 {[%clk 00:44:43]} {[%emt 00:00:07]} 63.
a7 {[%clk 00:47:41]} {[%emt 00:00:16]} Ke7 {[%clk 00:44:45]} {[%emt 00:00:12]}
64. g8=N+ {[%clk 00:47:36]} {[%emt 00:00:21]} Kd7 {[%clk 00:44:36]} {[%emt
00:00:21]} 65. a8=Q {[%clk 00:47:40]} {[%emt 00:00:14]} Ke6 {[%clk 00:44:27]}
{[%emt 00:00:23]} 66. c8=Q+ {[%clk 00:47:45]} {[%emt 00:00:12]} Ke5 {[%clk
00:44:27]} {[%emt 00:00:14]} 67. Qab8+ {[%clk 00:47:45]} {[%emt 00:00:10]} Kd4
{[%clk 00:44:27]} {[%emt 00:00:11]} 68. Qd6+ {[%clk 00:47:45]} {[%emt
00:00:13]} Ke4 {[%clk 00:44:27]} {[%emt 00:00:42]} 69. Qce6+ {[%clk 00:47:45]}
{[%emt 00:00:20]} Kf3 {[%clk 00:44:27]} {[%emt 00:00:30]} 70. Qf8+ {[%clk
00:47:45]} {[%emt 00:00:11]} Kg3 {[%clk 00:44:27]} {[%emt 00:00:13]} 71. Qg6+
{[%clk 00:47:45]} {[%emt 00:00:11]} Kh4 {[%clk 00:44:27]} {[%emt 00:01:13]} 72.
Qfh6# {[%clk 00:47:45]} {[%emt 00:00:05]} 1-0